00274nam a2200109 a 450000500170000000800410001705000180005810000200007624500170009626000370011344000140015020140414131915.0100915s19uu xx 00 eng d aFICbAp5 2002 aApplegate, K.A. aThe arrival. aNew York :bScholastic ,c2002. aAnimorphs